| 000 | 00372nam a22001337a 4500 | ||
|---|---|---|---|
| 020 | _a9788121210942 | ||
| 082 |
_a631.587 _bNAR/PA |
||
| 100 |
_aNarayanamoorthy,A. _9625 |
||
| 100 |
_aKalamkar,S.S. _9626 |
||
| 245 | _aPraticipatory Irrigation Management: Evolution, Perception and Impact | ||
| 260 |
_aNew Delhi _bGyan Publishing House _c2011 |
||
| 300 | _a250 | ||
| 942 | _cBK | ||
| 999 |
_c14388 _d14388 |
||